BIBLIOTECA PODER JUDICIAL
Portal Judicial TDF

"La renuncia del derecho de renunciar" : (Registro nro. 6239)

000 -LEADER
fixed length control field 01311nab a22002417a 4500
003 - CONTROL NUMBER IDENTIFIER
control field OSt
005 - DATE AND TIME OF LATEST TRANSACTION
control field 20260127184403.0
008 - FIXED-LENGTH DATA ELEMENTS--GENERAL INFORMATION
fixed length control field 190514b xxu||||| |||| 00| 0 spa d
040 ## - CATALOGING SOURCE
Transcribing agency PJ
100 ## - MAIN ENTRY--PERSONAL NAME
9 (RLIN) 5241
Personal name Peres, Agustín A.
245 13 - TITLE STATEMENT
Title "La renuncia del derecho de renunciar" :
Remainder of title análisis sobre el inicio del juicio sucesorio y la aceptación de la herencia /
Statement of responsibility, etc Agustín A. Peres.
300 ## - PHYSICAL DESCRIPTION
Extent p. 17-26
500 ## - GENERAL NOTE
General note Cita: TR LALEY AR/DOC/1584/2025.
505 ## - FORMATTED CONTENTS NOTE
Formatted contents note Sumario: I. Hechos del caso.— II. Decisión y fundamentos.— III. Breve aclaración sobre la aplicación del derogado Cód. Civil.— IV. El derecho a optar: aceptar, renunciar o guardar silencio.— V. La aceptación de la herencia en la legislación argentina.— VI. La sentencia que nos convoca.— VII. A modo de cierre y conclusión.
505 ## - FORMATTED CONTENTS NOTE
Title Fallo comentado: SC Buenos Aires ~ 24/02/2025 ~ J., O. S. s/ sucesión testamentaria.
650 #0 - SUBJECT ADDED ENTRY--TOPICAL TERM
9 (RLIN) 967
Topical term or geographic name as entry element DERECHO DE FAMILIA
650 #0 - SUBJECT ADDED ENTRY--TOPICAL TERM
9 (RLIN) 888
Topical term or geographic name as entry element SUCESIONES
650 #0 - SUBJECT ADDED ENTRY--TOPICAL TERM
9 (RLIN) 1118
Topical term or geographic name as entry element ACEPTACION DE HERENCIA
650 #0 - SUBJECT ADDED ENTRY--TOPICAL TERM
9 (RLIN) 1121
Topical term or geographic name as entry element RENUNCIA A LA HERENCIA
650 #0 - SUBJECT ADDED ENTRY--TOPICAL TERM
9 (RLIN) 1057
Topical term or geographic name as entry element JURISPRUDENCIA APLICABLE
773 0# - HOST ITEM ENTRY
Host Biblionumber 2844
Host Itemnumber 3222
Place, publisher, and date of publication Buenos Aires : AbeledoPerrot, 1989-
Title Derecho de familia. Revista Interdisciplinaria de doctrina y jurisprudencia. Agosto 2025-IV.
International Standard Book Number 18511201
942 ## - ADDED ENTRY ELEMENTS (KOHA)
Source of classification or shelving scheme
Koha item type Analítica Artículo de Revista

No hay ítems disponibles.

12 de Octubre 789 Ushuaia - Tel:  54(02901)441571
Horario de Atención: 8.00 a 17.00 hs. 
bibliotecaush@justierradelfuego.gov.ar
koha@justierradelfuego.gov.ar
Seguinos en nuestras redes @bibliojustdf 

Con tecnología Koha